| 000 | 00346nam a2200133Ia 4500 | ||
|---|---|---|---|
| 008 | 150202s9999 xx 000 0 und d | ||
| 020 | _a553173235 | ||
| 050 |
_aFIC _bFIC |
||
| 100 | _aErdman, Paul. | ||
| 245 | 4 |
_aThe palace / _cPaul Erdman. |
|
| 260 |
_aNew York : _bBantam Books, _c1988. |
||
| 300 |
_a312 pages : _c18 cm. |
||
| 650 | _aFiction. | ||
| 999 |
_c281981 _d281981 |
||